000 01415cam a22003374a 4500
999 _c57776
_d57776
001 14896856
005 20221105215707.0
008 070619s2017 vaua bf 001 0 eng
020 _a9780982292150 1
080 _a618 O-17
245 0 0 _aObstetrics, gynecology & infertility :
_bhandbook for clinicians /
_cJohn David Gordon ... [et al] ; technical and computer support , Bill Gillespie.
250 _a7th edition
264 _aArlington :
_bScrub Hill Press,
_c2017.
300 _a780 p. :
_bill. ;
_c14 cm.
650 0 _aGynecology
_vHandbooks, manuals, etc.
_99756
650 0 _aObstetrics
_vHandbooks, manuals, etc.
_99757
650 0 _aInfertility
_vHandbooks, manuals, etc.
_99758
650 0 _aResidents (Medicine)
_vHandbooks, manuals, etc.
_99759
650 1 2 _aPregnancy Complications
_vHandbooks.
_98691
650 2 2 _aGenital Diseases, Female
_vHandbooks.
_98689
650 2 2 _aInfertility
_vHandbooks.
_99760
653 _aგინეკოლოგია
653 _aმეანობა
653 _aუშვილობა
653 _aმედიცინა
700 1 _aGordon, John D.
_q(John David)
_eავტორი
_99761
700 1 _aRydfors, Jan T.
_eავტორი
_99762
700 1 _a Druzin, Maurice L. და სხვ.
_eავტორი
_99763
856 4 1 _3Table of contents only
_uhttp://www.loc.gov/catdir/toc/ecip0721/2007025584.html
942 _2udc
_cBK